000 00307nam a2200133Ia 4500
008 190723s9999 xx 000 0 und d
020 _a978-93-325-8573-7
100 _aPaul Deitel
245 0 _aC++ How to programing
250 _a10th
260 _aIndia
_bPearson
_c2017
300 _a1070.:p
942 _cBK
999 _c1866
_d1866